000 00381 a2200157 4500
001 75481
020 _a9788578481148
040 _cAnchieta - Colégio São Paulo
100 _aVillas Boas, Marion
240 1 0 _aOs orixás sob o céu do Brasil
_lpor
245 1 0 _aOs orixás sob o céu do Brasil
300 _a94
362 0 _a2013
650 4 _aLiteratura juvenil
942 _cBK
999 _c75481
_d75481